000 01075nam0a2200265 4500
001 RU\NLR\BIBL_A\011272135
005 20260406072611.0
035 _a(NLR Aleph) 011272135
090 _a10823500
_c10823500
100 _a20161114d1959 |||y0rusy50 ca
101 0 _aalt
102 _aRU
105 _aa z 000 y
200 9 _aАлтын-Сӱме
_fИ. Шодоев
_g[jуруктары М. П. Чевалковныҥ]
210 _aГорно-Алтайск
_cТуулу Алт. бичиктер чыг. изд-возы
_d1959
215 _a22,[2] с.
_cил.
_d22
300 _aНа обл. авт. не указан
541 1 _aАлтын-Суме
_eсказки
_eдля детей мл. шк. возраста
_zrus
686 1 _aШ9(2)6=Алт-2
700 1 _4070
_7ca
_8rus
_aШодоев
_bИ. В.
_f1914-2006
_gИван Васильевич
_3RU\NLR\auth-onl\77321
_9130379
702 1 _aЧевалков
_bМ. П.
_f1929-2006
_gМирослав Павлович
_4440
852 _aNLR
_bОНЛ
_jАлт./3-319
942 _cBOOK
980 _aNB